Nations in Space - Statistics

General Stats
  • This quiz has been taken 368 times
  • The average score is 26 of 36
Answer Stats
Astronaut Country % Correct
Y. Gagarin Russia
98%
N. Armstrong United States
98%
H. Sharman United Kingdom
96%
Fei J . China
93%
P. Baudry France
93%
T. Akiyama Japan
92%
R. Sharma India
91%
R. Bondar Canada
88%
R. Ewald Germany
88%
P. Duque Spain
87%
M. Cheli Italy
85%
R. Neri Vela Mexico
85%
M. Pontes Brazil
83%
Yi S. South Korea
83%
M. Hermaszewski Poland
80%
S. Al-Saud Saudi Arabia
80%
F. De Winne Belgium
77%
L. Kadenyuk Ukraine
77%
A. Kuipers Netherlands
76%
C. Fuglesang Sweden
76%
M. Shuttleworth South Africa
72%
F. Viehboeck Austria
71%
Pham T. Vietnam
66%
C. Nicollier Switzerland
64%
D. Prunariu Romania
62%
I. Ramon Israel
61%
T. Aubakirov Kazakhstan
59%
B. Farkas Hungary
58%
A.P. Aleksandrov Bulgaria
55%
V. Remek Czech Republic
54%
A. Tamayo-Mendez Cuba
50%
I. Bella Slovakia
47%
A. Mohmand Afghanistan
44%
J. Gurragcha Mongolia
39%
M. Faris Syria
36%
Sheikh M. Malaysia
34%
No matching quizzes found
Score Distribution
Percent of People with Each Score
Percentile by Number Answered
Your Score History
You have not taken this quiz